Statistics for The Beatles' Wives

Click here to take the quiz!

General Stats

  • This quiz has been taken 700 times
  • The average score is 6 of 9

Answer Stats

Married to Answer % Correct
John Lennon, 1969 - 1980 (his death)Yoko Ono
99%
Paul McCartney, 1969 - 1998 (her death)Linda Eastman
93%
John Lennon, 1962 - 1968 (divorced)Cynthia Powell
81%
George Harrison, 1966 - 1974 (divorced)Pattie Boyd
75%
Paul McCartney, 2002 - 2008 (divorced)Heather Mills
64%
Ringo Starr, 1981 - presentBarbara Bach
59%
Ringo Starr, 1965 - 1975 (divorced)Maureen Cox
54%
George Harrison, 1978 - 2001 (his death)Olivia Trinidad Arias
52%
Paul McCartney, 2011 - presentNancy Shevell
37%

Score Distribution

Percentile by Number Answered

Percent of People with Each Score

Your Score History

You have not taken this quiz